[Event "Dyfed Open"]
[Site "Fishguard"]
[Date "2020.02.16"]
[Round "4.6"]
[White "Marin Marin, Francisco Javier"]
[Black "May, Frank"]
[Result "0-1"]
[WhiteElo "1776"]
[BlackElo "2019"]
[Annotator "kemen"]
[PlyCount "92"]
[EventDate "2020.02.??"]
[EventType "swiss"]
[EventRounds "5"]
[EventCountry "WLS"]
[SourceVersionDate "2020.02.18"]

{[%evp 0,92,24,18,56,69,78,73,73,60,90,65,88,65,107,104,77,65,100,77,77,26,43,
50,30,-2,18,-31,-26,-37,-11,-70,-7,-4,-9,-12,-7,8,0,0,4,18,-9,-41,37,22,34,-36,
-125,-138,-38,-50,-56,-96,-91,-112,-98,-158,-111,-205,-233,-233,-242,-143,-249,
-246,-162,-301,-118,-112,-112,-101,-98,-98,-116,-103,-131,-139,-160,-123,-129,
-159,-128,-112,-105,-148,-149,-154,-93,-177,-125,-213,-236,-285,-293]} 1. e4 d6
2. d4 g6 3. Nf3 Bg7 4. Bc4 e6 (4... Nf6 5. Qe2 O-O {main}) 5. O-O a6 6. a4 b6
7. Re1 Ne7 8. Nc3 Nd7 9. Be3 Bb7 10. Ng5 $146 (10. Qd2 h6 {63 games with a
Hippopotamous}) 10... d5 (10... h6) 11. Qf3 O-O 12. exd5 Nf6 (12... h6 13. Nh3
e5 14. dxe5 Nxe5 15. Qe2 Nxc4 16. Qxc4 Nxd5 17. Bd4 Bxd4 18. Qxd4 c5 19. Qd2
Nxc3 20. Qxc3 Qh4 21. Qg3 Qc4 22. c3 Rfe8 $11 {Stockfish11}) 13. Rad1 exd5 14.
Bd3 Bc8 (14... Re8 15. Bf4 c5 $15 {Stockfish11}) 15. Rd2 Bf5 {Draw?} (15... Nf5
$15 {Stockfish11}) 16. Bf4 h6 17. Nh3 Qd7 (17... Bg4 18. Qg3 Qd7 19. f3 Nf5 20.
Bxf5 Bxf5 21. Bxc7 Nh5 22. Qd6 Bxh3 23. gxh3 Qxh3 24. Qxd5 Rac8 25. Bd6 Rcd8
26. Qc6 Qh4 $11 {Stockfish11}) 18. Bxf5 Nxf5 19. Be5 Rfe8 20. Rde2 c6 $11 21.
Nf4 (21. b3) 21... h5 22. Nd3 a5 23. b4 $6 {leaves gaps in Wh's pawn structure}
(23. h3) 23... axb4 24. Nxb4 Nh7 (24... Bf8 $17 {Stockfish11} 25. Bxf6 Bxb4 26.
Re5 Rxe5 27. dxe5 Be7 28. Qf4 Re8 29. Bxe7 Qxe7 $17) (24... Ng4 25. Bxg7 Rxe2
26. Nxe2 (26. Qxe2 Qd6 27. Be5 Qxb4 $19) 26... Kxg7 27. h3 Nf6 $17 {Stockfish11
}) 25. Bxg7 Kxg7 26. Qf4 Rxe2 27. Rxe2 (27. Nxe2 Rxa4 $17) 27... Nf8 $19 28.
Nd3 f6 (28... Ne6 29. Qe5+ Kg8 30. Re1 Nexd4 $19 {Stockfish11}) 29. g4 hxg4 30.
Qxg4 Ne6 31. Nf4 Nxf4 32. Qxf4 Kf7 (32... Rh8 $19) 33. Kf1 Qd6 (33... Rh8 $19 {
Stockfish11}) (33... g5 34. Qf3 Nxd4 $19 {Stockfish11}) 34. Qxd6 Nxd6 35. Re1
Rh8 $17 36. Kg2 Rh4 37. Ne2 Re4 38. Kf3 (38. Kf1) 38... g5 39. h3 f5 (39... Nf5
$19 40. c3 Nh4+ 41. Kg3 Kg6 {Zugzwang- Stockfish11}) 40. Kg2 Kf6 41. f3 Re3 42.
c3 Nc4 $19 43. Kf2 Rd3 (43... f4) 44. Rb1 f4 (44... Rxf3+) 45. Rb3 Kf5 46. Rb1
Rxf3+ 0-1

[Event "Dyfed Open"]
[Site "Fishguard"]
[Date "2020.02.16"]
[Round "4.7"]
[White "Waddington, Mike P"]
[Black "Haigh, Tony"]
[Result "1-0"]
[WhiteElo "2046"]
[BlackElo "1773"]
[Annotator "kemen"]
[PlyCount "29"]
[EventDate "2020.02.??"]
[EventType "swiss"]
[EventRounds "5"]
[EventCountry "WLS"]
[SourceVersionDate "2020.02.18"]

{[%evp 0,29,19,16,20,-29,41,1,82,15,-5,9,33,30,37,-52,42,30,30,5,134,184,172,
161,419,409,558,468,488,477,29999,-30000]} 1. Nc3 d5 2. e4 Nf6 3. e5 Nfd7 {main
} (3... d4) 4. e6 (4. d4 {main} c5 {Tony has had 3 wins & 2 draws with this
line over the years eg} 5. Nf3 cxd4 6. Qxd4 e6 7. Bf4 Nc6 8. Qd2 Bb4 9. Bb5 Qa5
10. Bxc6 bxc6 11. O-O Bxc3 12. bxc3 Ba6 13. Rfe1 Nc5 14. Qd4 Ne4 15. Qb4 Qb6 {
Musson-Haigh, Dyfed Open 2003,0-1}) 4... fxe6 5. d4 c5 6. Nf3 g6 (6... Nc6 {
main}) 7. h4 Nf6 $146 (7... Bg7 $11 {main; 2 Wh wins, 2 draws,3 Bl wins}) 8. h5
gxh5 9. Bf4 (9. dxc5 $14 {Stockfish11}) 9... Nc6 $2 (9... Bd7) 10. Nb5 $18 Kd7
11. Nc7 (11. dxc5) (11. Ne5+) (11. c3) (11. Rh4 {all winning lines according
to Stockfish11}) 11... Ne8 12. Nxa8 cxd4 13. Ne5+ Nxe5 14. Bxe5 Rg8 (14... Qa5+
15. c3 Rg8 $18 {though still}) 15. Bb5# 1-0

[Event "Dyfed Open"]
[Site "Fishguard"]
[Date "2020.02.16"]
[Round "4.8"]
[White "Taylor, Robert Graham"]
[Black "Jones, Iolo C"]
[Result "0-1"]
[WhiteElo "1844"]
[BlackElo "2163"]
[Annotator "kemen"]
[PlyCount "148"]
[EventDate "2020.02.??"]
[EventType "swiss"]
[EventRounds "5"]
[EventCountry "WLS"]
[SourceVersionDate "2020.02.18"]

{[%evp 0,148,20,20,20,-16,0,-42,15,12,19,11,21,20,13,8,26,-1,-1,-13,44,21,35,
20,69,38,16,-72,-64,-63,-22,-58,-58,-76,-70,-70,-2,-45,12,20,-2,17,33,38,36,3,
19,-43,86,77,79,71,89,86,102,108,121,121,128,34,108,100,184,107,104,82,104,83,
81,72,63,86,89,67,86,65,52,27,28,-45,-26,-35,-29,-90,-40,-18,-31,-157,-130,
-206,-108,-112,-103,-124,-124,-130,-123,-123,-125,-125,-106,-135,-119,-155,-96,
-135,-125,-156,-150,-154,-114,-139,-104,-119,-107,-129,-126,-157,-149,-223,
-192,-192,-190,-182,-180,-188,-202,-199,-217,-220,-221,-245,-271,-272,-277,
-275,-285,-289,-302,-321,-322,-330,-343,-609,-630,-29995,-29996,-29997,-29998,
-29999,-30000]} 1. Nf3 Nf6 2. c4 e6 3. g3 b6 4. Bg2 Bb7 5. O-O Be7 6. Nc3 O-O
7. d3 (7. d4) (7. Re1) 7... d5 8. cxd5 exd5 {99 games} 9. Nb5 $146 (9. Bf4) (9.
Nd4 {main lines}) 9... Ne8 (9... c5 10. e4 Qd7 11. a4 Nc6 $11 {Stockfish11}) (
9... Qd7 10. a4 c6 11. Nbd4 c5 12. Ne5 Qc8 13. Nc2 Nc6 14. Nxc6 Bxc6 15. e3 Re8
16. b3 h5 17. Bb2 h4 $15 {Stockfish11}) 10. Bf4 (10. e4 $14) 10... c6 (10... a6
) 11. Nbd4 Bf6 12. Qc1 (12. e4 $14 {Stockfish11}) (12. Nf5 Bxb2 13. Rb1 Bf6 14.
e4 $11 {Stockfish11}) (12. b4 c5 $2 (12... a5 13. Rc1 axb4 14. Bxb8 Qxb8 15.
Nxc6 Bxc6 16. Rxc6 Rxa2 17. d4 Qb7 18. Qb3 Qxc6 19. Qxa2 Nd6 20. Qb2 Qb5 21.
Rb1 $11) 13. bxc5 bxc5 14. Rb1 Nd6 15. Nb5 Nxb5 16. Rxb5 Qc8 17. Qb3 $18 {
Stockfish11}) 12... Nd6 (12... c5) 13. Bg5 (13. e4 $14) 13... c5 14. Nc2 Nd7
15. Qf4 (15. Bxf6 Qxf6 16. Qf4 Rfe8 $15 {Stockfish11}) 15... Bxg5 16. Nxg5 Qf6
17. Nh3 (17. Qxf6 Nxf6 18. Rfe1 h6 19. Nf3 a5 20. d4 Rfe8 $11 {Stockfish11})
17... Nb5 (17... Qe7) (17... h6) 18. a4 Qxf4 19. Nxf4 Nc7 20. b4 (20. Ne3 Nf6
21. d4 cxd4 22. Nf5 Ne6 23. Rfd1 $14 {Stockfish11}) 20... Rfe8 (20... g5 21.
Nh5 f5 22. Rfb1 $16 {Stockfish11}) 21. bxc5 Nxc5 22. Nb4 (22. d4 $16) (22. h4
$16) (22. Nd4 N7e6 23. Nfxe6 Nxe6 24. Nb5 Red8 25. Rfc1 $14) 22... Rad8 23. a5
N5e6 (23... g5 24. Nh3 h6 $14) (23... Rd6 24. axb6 axb6 25. e3 $16) 24. axb6 (
24. Rfc1 $18 {Stockfish11}) (24. e3 $18 {Stockfish11}) 24... axb6 25. Ra7 (25.
Rfc1 Nb5 26. e3 Nxf4 27. gxf4 Kf8 28. Rab1 $16 {Stockfish11}) 25... Nc5 26. Ra2
(26. Rc1 Nb5 27. Ra2 $18 d4 28. Bxb7 Nxb7 29. Rb2 Nc5 30. Nc6 Rc8 31. Rxb5 Rxc6
32. Nd5 g6 33. Rxb6 $18 {Stockfish11}) 26... Rd6 27. d4 Nb3 28. e3 $18 g5 29.
Rb1 (29. Nfd3) 29... Na5 (29... Nxd4 30. exd4 gxf4 31. Ra7 Rb8 32. Nd3 Ne6 $11
{Stockfish11}) 30. Ne2 Bc8 31. Nc3 (31. Rc1 Nc4 32. h4 gxh4 33. gxh4 b5 34. Ra7
Re7 35. Nf4 Kf8 36. Rca1 Nb6 37. Kh2 Bf5 38. Bf3 $18 {Stockfish11- but there
seems no clear way to bring it to a breakthrough}) 31... Bf5 32. Rd1 Be6 33.
Bf1 Rc8 34. Bg2 Nc6 35. Nd3 $14 Bf5 36. Ne5 Na5 37. Na4 (37. g4 $16) 37... f6
38. Nf3 Nc4 39. Nc3 (39. h4) 39... b5 $11 40. Ra7 (40. Nd2 Nxd2 41. Raxd2 b4
42. Ne2 Rb8 43. Rb2 b3 44. Nc3 $11 {Stockfish11}) (40. g4 Bxg4 41. Rb1 Bf5 (
41... Rb8 42. Ra7 $11) 42. Rb3 Kg7 43. h4 h6 44. Ra7 Rd7 45. Ne1 $11 (45. h5
$11 Bg4 46. Ne1 Bxh5 47. Rxb5 $11 {Stockfish11})) 40... b4 $17 41. Na4 (41. Nb1
) 41... Nb5 (41... b3 $19 {Stockfish11}) 42. Rb7 $15 Nc3 (42... Bc2 43. Ra1 Ra8
44. Rxb5 b3 45. Ne1 b2 46. Nxc2 bxa1=Q+ 47. Nxa1 Rxa4 48. Nb3 Ra3 49. h3 Kf7
50. Nc5 $11 {Stockfish11- Wh has a pawn for the exchange & probably winning
the d5 pawn}) 43. Ra1 (43. Nxc3 bxc3 44. Ne1 Nd2 45. Rc1 Kf8 46. Rb5 c2 47. h4
g4 48. Bxd5 $11 {Stockfish11}) 43... Ra8 $19 44. Rxb4 Bd7 (44... Rb6 $19) (
44... Nb6 $19) (44... Rda6 $19) 45. Ne1 (45. Rb8+ Rxb8 46. Nxc3 Be6 $17 {
Stockfish11}) 45... Rxa4 (45... Nb6 $1) 46. Raxa4 Nxa4 47. Bxd5+ Rxd5 48. Rxc4
Nb6 (48... Ra5 $19) 49. Rc7 (49. Rb4 Rb5 $19) 49... Rd6 50. Kg2 Nd5 51. Ra7 Bc6
52. Kg1 Bb5 53. h3 Rc6 54. Ra1 Be2 (54... h5) 55. Kg2 Nb4 56. Rb1 Rc4 (56...
Nd5) 57. Rb2 Bd1 58. Rd2 Ba4 59. f4 Bc6+ 60. Kf2 h6 61. fxg5 hxg5 62. h4 gxh4 (
62... g4) 63. gxh4 Be4 64. Kg3 Nd5 65. Kf2 Rc3 66. Re2 Kg7 67. Nf3 Kg6 68. Nd2
Bd3 69. Re1 Rc2 70. Rg1+ Kh5 71. e4 (71. Ke1 f5 $19) 71... Rxd2+ 72. Ke1 (72.
Kf3 Nc3 73. e5 Be4+ 74. Kf4 Rf2+ 75. Kg3 Rf3+ 76. Kh2 Kxh4 77. Rg8 Rf1 78. Rh8+
Kg4 79. Rg8+ Kf4 80. Rg2 Bxg2 (80... Nd1 81. exf6 Ne3 82. f7 Ng4+ 83. Rxg4+
Kxg4 84. f8=Q Rh1#) 81. Kxg2 Ra1 82. exf6 Ra2+ 83. Kf1 Kg3 84. Ke1 Kg2 85. f7
Re2# {Stockfish11}) 72... Re2+ 73. Kd1 Nc3+ 74. Kc1 Rc2# 0-1

[Event "Dyfed Open"]
[Site "Fishguard"]
[Date "2020.02.16"]
[Round "4.9"]
[White "Richmond, Jane"]
[Black "Pinch, David"]
[Result "1-0"]
[WhiteElo "2101"]
[BlackElo "1667"]
[Annotator "kemen"]
[PlyCount "79"]
[EventDate "2020.02.??"]
[EventType "swiss"]
[EventRounds "5"]
[EventCountry "WLS"]
[SourceVersionDate "2020.02.18"]

{[%evp 0,79,80,19,19,56,18,-6,59,45,36,-5,-9,7,-15,39,45,4,44,-35,-7,-56,-7,
-30,-32,-13,1,11,16,19,98,100,93,100,87,101,108,111,96,105,101,105,103,104,104,
97,110,97,91,92,91,67,310,310,311,336,334,310,306,314,323,324,319,319,371,343,
417,418,458,463,480,517,533,486,578,576,600,550,590,585,618,488]} 1. e4 e5 2.
Nf3 Nf6 3. Nxe5 d6 4. Nf3 Nxe4 5. d4 d5 6. Bd3 Nc6 7. O-O Be7 {main} (7... Bg4)
8. Nbd2 {one of of the latest fashions, an older variation scarcely covered in
the theory books} (8. c4) (8. Re1) 8... Bf5 (8... Nxd2 {main}) (8... Nd6) 9.
Nb3 $146 (9. Re1 {main, in elite GM practice as well}) (9. Qe2 {occasional
others}) 9... O-O (9... a5 {one of Stockfish11 responses}) 10. c3 Qd7 (10...
Bd6) (10... Bg4 11. Nbd2 f5 {close to a more usual theoretical position} 12.
Qb3 Kh8 (12... Na5)) 11. Re1 Rfe8 (11... Rae8 $5) 12. Bf4 Bd6 (12... b6 {
Stockfish11}) 13. Bxd6 Qxd6 (13... Nxd6 {Stockfish11 choice}) (13... cxd6 $5 {
Rudy- covers e5 & c5 plus some play on the c file} 14. Nh4 Bg6 15. Nxg6 hxg6
16. Nd2 Nxd2 17. Qxd2 Rxe1+ 18. Rxe1 Re8 19. h4 $16 {Stockfish11- the doubled
pawns are less useful in an ending, but Bl's N is not without some prospects
in a blocked position}) 14. Nh4 Bg6 (14... Qf4 {considered by David} 15. Qf3 {
Jane} Qxh4 16. Qxf5 g6 {Stockfish11} 17. Qf3 f5 $14) (14... Bd7 $14 {
Stockfish11}) 15. Nxg6 hxg6 16. Bxe4 Rxe4 17. Rxe4 dxe4 18. Nc5 $16 Qd5 19. Qb3
Qxb3 20. axb3 b6 21. Nxe4 a5 $18 {Stockfish11- though Bl is only half a pawn
down so far} 22. f3 f6 23. Kf2 (23. b4 {Stockfish11- makes it a full pawn})
23... Re8 24. Re1 Kf7 25. Re3 Re6 $2 (25... Ra8 {Rudy- hoping to get some R
activity on the Q side} 26. d5 {Stockfish11} (26. f4 {pm analysis} Ne7 (26...
a4 27. bxa4 Rxa4 28. d5 Nd8 29. d6 $18) 27. Rd3 Nd5 28. g3 a4 29. b4 (29. bxa4
Rxa4 30. Ke2 $16) 29... a3 30. bxa3 b5 $11 {gives Bl enough to hold}) 26... Ne7
27. d6 Nd5 28. Re2 g5 (28... Nf4 29. dxc7 $18) 29. g3 cxd6 30. Nxd6+ Kg6 31.
Rd2 Ne7 32. g4 Nc6 33. Nf5 Ne5 34. Rd6 Rb8 35. Re6 Rb7 36. Ke3 a4 37. bxa4 Nc4+
38. Kd4 Nxb2 39. Kd5 Nxa4 40. c4 Ra7 41. Kc6 (41. Re7 Rxe7 42. Nxe7+ Kf7 43.
Nf5 {should also be winning for Wh}) 41... Kf7 42. Re2 $18 {Wh will win the b
pawn soon}) 26. d5 $18 Rxe4 27. Rxe4 Ne5 28. Ke2 (28. f4 {Stockfish11} Nd3+ 29.
Ke3 Nc5 (29... Nxb2 30. Kd2 {wins the N}) 30. Rc4 Kf8 31. b4 axb4 32. cxb4 Na6
33. b5 Nc5 34. Rxc5 {returning the exchange is often the quickest route to a
breakthrough} bxc5 35. d6 $18) 28... g5 29. h4 gxh4 30. Rxh4 f5 31. Ke3 Kf6 32.
Rh8 Ke7 33. Rg8 g6 34. Kd4 Kd6 35. c4 c5+ 36. Ke3 (36. Kc3) 36... a4 37. f4
Ng4+ 38. Kd2 (38. Kf3 axb3 39. Rxg6+) 38... axb3 39. Rxg6+ Kc7 40. Rxg4 {
a K cannot dance at two weddings} 1-0

[Event "Dyfed Open"]
[Site "Fishguard"]
[Date "2020.02.16"]
[Round "4.11"]
[White "Dixon, Chris"]
[Black "Barnaby, Nicholas M S"]
[Result "0-1"]
[WhiteElo "1754"]
[BlackElo "1750"]
[Annotator "kemen"]
[PlyCount "66"]
[EventDate "2020.02.??"]
[EventType "swiss"]
[EventRounds "5"]
[EventCountry "WLS"]
[SourceVersionDate "2020.02.18"]

1. d4 Nf6 2. Nc3 d5 3. Bf4 a6 (3... e6) (3... Bf5) (3... c6) 4. e3 Bf5 (4... e6
) 5. f3 h6 (5... e6 {main}) 6. g4 Bg6 (6... Bh7 {looks logical, 2 wins each, 1
draw}) 7. Bd3 Bxd3 8. Qxd3 e6 {1 win each, 3 draws} 9. O-O-O (9. h4 {
transposes to 38 games}) 9... Nc6 10. Nge2 (10. h4 {0.5-1.5}) 10... Qd7 11. h4
O-O-O 12. Kb1 Be7 13. Nc1 (13. Na4 Kb8 14. Nc1 Qe8 15. Qe2 Bd6 16. Bxd6 Rxd6
17. Nc3 Qe7 18. Nd3 e5 $14 {Kleinert-Kjeldsen, Remote -SM email 2013,1-0})
13... Na5 14. g5 (14. b3) 14... Nh5 $15 15. N1e2 Nxf4 16. exf4 g6 17. Rdg1 hxg5
18. fxg5 (18. hxg5) 18... Nc4 $17 19. f4 Nd6 20. Ng3 Nf5 (20... Nc4 21. h5 gxh5
22. Nxh5 c5 $15 {Stockfish11}) 21. Nxf5 (21. h5 $11) 21... exf5 22. Ne2 (22.
Qf3 $11) 22... Bd6 $15 23. Qf3 c6 (23... Rde8 $17) 24. Rc1 (24. Nc1 $11) (24.
Ng3 $11) 24... Kb8 25. h5 {Draw?.} Rxh5 26. Rxh5 gxh5 27. Qxh5 Qe6 (27... Re8
$17) 28. Qf3 (28. Rf1 $11) 28... Re8 29. Ng3 Bc7 (29... Qe1 30. Nxf5 Qd2 31. a3
Bxf4 32. Rd1 Re1 33. Rxe1 Qxe1+ 34. Ka2 Qe4 $11 {Stockfish11}) 30. a3 $11 f6
31. Rh1 (31. Nh5) (31. Rg1) 31... fxg5 32. fxg5 f4 33. Rh6 $2 (33. Nh5 $11)
33... Qe1+ $19 0-1

[Event "Dyfed Open"]
[Site "Fishguard"]
[Date "2020.02.16"]
[Round "4.12"]
[White "Orton, Paul"]
[Black "Van Kemenade, Rudy"]
[Result "0-1"]
[WhiteElo "1580"]
[BlackElo "1889"]
[Annotator "kemen"]
[PlyCount "66"]
[EventDate "2020.02.??"]
[EventType "swiss"]
[EventRounds "5"]
[EventCountry "WLS"]
[SourceVersionDate "2020.02.18"]

{[%evp 0,66,25,19,73,68,68,68,69,69,69,66,53,50,48,34,45,24,49,56,81,61,54,54,
54,54,54,64,-8,9,76,27,74,61,156,179,161,148,376,346,346,346,346,293,225,254,
254,211,232,-107,-84,-307,-111,-324,-324,-378,-386,-592,-686,-570,-728,-981,
-931,-1456,-1204,-1160,-1288,-1183,-1343]} 1. d4 f5 2. Nf3 Nf6 3. g3 g6 4. Bg2
Bg7 5. O-O O-O 6. c4 d6 7. b3 Nc6 (7... c6) (7... Qe8) (7... e5) 8. Bb2 Qe8 (
8... Ne4 {Main.}) (8... e5 9. dxe5 Ng4 10. Nc3 Ngxe5 11. e3 Nxf3+ 12. Qxf3 Ne5
13. Qd5+ Nf7 14. Qd2 c6 15. Rad1 Qe7 16. Rfe1 Re8 {Ratnesan-Van Kemenade,4NCL
open, Telford 2019,0-1.}) 9. Nc3 (9. d5 Nd8 {Main.}) 9... e5 10. dxe5 dxe5 11.
Nd5 (11. e4 f4 12. Nd5 Rf7 13. Ng5 Rd7 14. gxf4 Nxd5 (14... h6 15. Nf3 Nh5 {
Babu-Dzhumaev,Chennai Win TV op 2004,0-1.}) 15. exd5 exf4 16. Bxg7 Kxg7 17. Re1
Qg8 18. Qd2 Nd8 19. Qd4+ {Williams-Van Kemenade, Dyfed League 2013,1-0.}) 11...
Rf7 12. Ng5 (12. Qc2 {1 win each,4 draws.}) 12... Rd7 13. Nxf6+ (13. Qe1 h6 14.
Nxf6+ Bxf6 15. Bd5+ Kh8 16. Ne6 Re7 17. Nc5 Kh7 18. Rd1 a5 {Varberg-Fabig,
ICCF email 2018,1/2-1/2.}) (13. Qd2 Nxd5 14. Bxd5+ Kh8 15. Rfe1 Nd8 16. e4 f4
17. gxf4 h6 18. Nf3 exf4 19. e5 Ne6 {Sitorus-Norman, BCCA, ICCF 2016,1-0.})
13... Bxf6 14. Bd5+ Kh8 (14... Kg7) 15. Qc1 Nd8 (15... Nd4 16. Re1 c6 17. Bg2
Qe7 18. Nf3 e4 $11 {Stockfish11.}) 16. f4 $16 h6 {Trying for an advantage &
possibly winning the d5 B- but Bl has misjudged the tactics that follow.} (
16... c6 {Is safer, though Wh retains an edge.} 17. Bg2 Nf7 (17... Qe7 $5) 18.
e4 Re7 19. Nxf7+ Rxf7 20. fxe5 Bg7 (20... Bxe5 21. exf5 Bxb2 (21... Bxf5 22.
Re1 Re7 23. Bxe5+ Rxe5 24. Qb2 $18) 22. Qxb2+ Kg8 23. Rae1 Re7 24. Rxe7 Qxe7
25. fxg6 (25. f6 Qe3+ 26. Kh1 Be6 $16) 25... hxg6 26. Qd4 $18 {Stockfish11.}))
17. Nf3 (17. Nh3 {Expected.} Kh7 18. e4 Re7 19. exf5 Bxf5 20. Nf2 c6 21. Bg2
Ne6 (21... Nf7 22. g4 Bd7 23. Ne4 Bg7 24. f5 $18) 22. fxe5 (22. g4 Nxf4 $17)
22... Bg5 23. Qc3 $18 {Stockfish11.}) (17. e4 $1 $18 {Stockfish11.} Re7 (17...
hxg5 18. fxe5 Bg7 (18... Bxe5 19. exf5 Rxd5 20. cxd5 Bxf5 21. Re1 Nf7 22. Bxe5+
Nxe5 23. Qc3 $18) 19. exf5 $18) (17... c6 18. fxe5 Bxe5 19. exf5 cxd5 20. Re1
Nc6 21. Nf3 d4 22. Qxh6+ Rh7 23. Qxg6 Qxg6 24. fxg6 Re7 25. Nxe5 Nxe5 26. Rxe5
Rxe5 27. Bxd4 $18 {Stockfish11.})) 17... c6 (17... Kh7 $5 18. Nxe5 Re7 19. Re1
c6 20. Bg2 Nf7 21. Nf3 $18 {Stockfish11.}) 18. fxe5 (18. Nxe5 Rg7 19. Bg2 Nf7
20. Nd3 $18 {Stockfish11.}) 18... cxd5 (18... Bg7 19. e6 Nxe6 20. Bxe6 Qxe6 21.
Qxh6+ {A threat seen by Bl.} Kg8 22. Bxg7 Rxg7 23. Rae1 $18 {()tockfish11, but
better for Bl than the game continuation.}) 19. Qxh6+ Rh7 {Bl had been relying
on this move, but Wh had seen further.} 20. exf6 $1 $18 Kg8 (20... Nf7 21. Qf4
(21. Qxg6 Qe3+ 22. Rf2 Be6 23. cxd5 Bxd5 24. Qxf5 $18) 21... dxc4 22. e4 $18 {
Stockfish11.}) (20... Qf7 21. Qe3 Kg8 22. Ng5 $18) 21. Qd2 dxc4 (21... Nf7 22.
cxd5 $18) 22. Ng5 (22. Ne5 $1 Be6 23. e4 fxe4 24. Rae1 $18 {Stockfish11.})
22... Rd7 23. Qc3 (23. Qf4 Nf7 (23... cxb3 24. Qh4 Qe3+ 25. Kh1 Rf7 (25... b6
26. Qh8+ Kxh8 27. f7+ Rd4 28. f8=Q#) 26. Qh6 b6 27. Qxg6+ Kf8 28. Ba3+ Ke8 29.
Qg8+ Kd7 30. Rfd1+ Kc6 31. Qxd8 $18) 24. e4 $16 {Stockfish11.}) (23. f7+ {
Simpler, the f6 pawn just gets into Wh's way.} Nxf7 24. Qc3 $18 Ne5 25. Qxe5
Qxe5 26. Bxe5 $18) 23... Nf7 24. Qxc4 $2 {A mistake that Bl has seen as a
possibility for him.} (24. bxc4 $18 {Simplest, Wh is 2 pawns up.}) (24. Rae1
$18) (24. Rf3 $18) (24. e4 $1 fxe4 25. Rae1 $18 {Stockfish11.}) 24... Qe3+ 25.
Kh1 Qxg5 $19 26. Qe6 Rd8 27. Qe7 Bd7 {And Bl gets the long diagonal control he
was hoping for with the earlier ill-fated h6 move.} 28. Rf4 Bc6+ 29. Kg1 Re8
30. Qb4 Rxe2 31. Bd4 (31. Rf2 Rxf2 (31... Rae8) 32. Kxf2 Qh5 $19 (32... f4 $19)
) 31... Rg2+ (31... Qh5 {Stockfish11- mating.}) 32. Kf1 Rxh2 (32... Qh5) 33.
Qc3 Qh5 0-1